| 000 | 00555nam a2200169Ia 4500 | ||
|---|---|---|---|
| 008 | 090201s9999 xx 000 0 und d | ||
| 010 | _aKPL-37286 | ||
| 040 | _bमराठी | ||
| 041 | _aमराठी | ||
| 082 |
_a14819 _b37286 |
||
| 100 | _aगोवींद बल्लाळ देवल | ||
| 245 |
_aसंशय कल्लोळ _cगोवींद बल्लाळ देवल |
||
| 260 |
_c2004 _bरसीक साहित्य |
||
| 300 |
_a94 _bमोठा |
||
| 600 | _aसंशय कल्लोळ | ||
| 942 | _cBOOK | ||
| 999 |
_c214965 _d214965 |
||